Normal view
MARC view
Entry Personal Name
001 - CONTROL NUMBER
- control field: 8482
003 - CONTROL NUMBER IDENTIFIER
- control field: BD-RjUL
005 - DATE AND TIME OF LATEST TRANSACTION
- control field: 20230823103540.0
008 - FIXED-LENGTH DATA ELEMENTS
- fixed length control field: 230823|| aca||aabn | a|a d
040 ## - CATALOGING SOURCE
- Original cataloging agency: BD-RjUL
- Transcribing agency: BD-RjUL
100 ## - HEADING--PERSONAL NAME
- Personal name: এছামী, মো. শামসুজ্জোহা, গবেষণা তত্ত্বাবধায়ক
670 ## - SOURCE DATA FOUND
- Source citation: Work cat.: (BD-RjUL)81745: তারিক, মোহাম্মদ আবু 8481, ধর্মীয় ও সামাজিক কর্মকান্ডের উন্নয়নে খানকা ও মাজারের ভূমিকা :, ২০১০